000
00272nam a2200097Ia 4500
001
684491
005
20250826161458.0
008
250824s9999 xx 000 0 und d
245
0
_a
TOPLUMSAL HAFIZA HATIRLAMANIN VE UNUTMANIN SOSYOLOJİSİ
_c
FARUK KARAARSLAN
260
_b
KETEBE
999
_c
684491
_d
684491